Conditions for Development of Entrepreneurship in Regions of Visegrad Group Countries

Zmeny v rozvoji podnikania v regiónoch krajín Vyšehradskej skupiny, tj. Českej republiky, Poľska, Slovenska a Maďarska, v období 2004-2018. Výskum pomocou podnikateľského modelu založeného na metodike Global Entrepreneurship Monitor (GEM). Hlavná výskumná hypotéza, v ktorej sa uvádza, že faktory roz...

Ausführliche Beschreibung

Gespeichert in:
Bibliographische Detailangaben
1. Verfasser: Jabłońskaa, Małgorzata
Weitere Verfasser: Fila, Joanna
Format: Buchkapitel
Sprache:Englisch
Schlagworte:
Tags: Tag hinzufügen
Keine Tags, Fügen Sie das erste Tag hinzu!

MARC

LEADER 00000naa a2200000 4500
001 0278304
005 20210906144549.8
041 0 |a eng 
044 |a CZ 
245 1 0 |a Conditions for Development of Entrepreneurship in Regions of Visegrad Group Countries  |c Małgorzata Jabłońskaa, Joanna Fila 
520 |a Zmeny v rozvoji podnikania v regiónoch krajín Vyšehradskej skupiny, tj. Českej republiky, Poľska, Slovenska a Maďarska, v období 2004-2018. Výskum pomocou podnikateľského modelu založeného na metodike Global Entrepreneurship Monitor (GEM). Hlavná výskumná hypotéza, v ktorej sa uvádza, že faktory rozvoja podnikania v tomto období mali odlišný vplyv na zakladanie podnikov na úrovni regiónov v krajinách Vyšehradskej skupiny. Regióny NUTS 2 krajín Vyšehradskej skupiny sa výrazne líšia z hľadiska podmienok rozvoja podnikania. 
610 2 0 |a podnikanie 
610 2 0 |a podnik malý 
610 2 0 |a podnik stredný 
610 2 0 |a financie 
610 2 0 |a Vyšehradská štvorka 
100 1 |a Jabłońskaa, Małgorzata 
700 1 |a Fila, Joanna